| 000 | 00561nam a2200241 a 4500 | ||
|---|---|---|---|
| 001 | nice12345678 | ||
| 003 | IN_TiNIC | ||
| 005 | 20260116012213.0 | ||
| 008 | 050524s1974 uka grp 000 0 eng | ||
| 020 |
_a _c100 |
||
| 082 | 0 | 0 |
_a306.80297 _bAHM |
| 100 | _aAhmad, Khurshid | ||
| 245 | _aFamily Life in Islam | ||
| 260 |
_aUK _bIslamic Foundation _c1974 |
||
| 300 | _a32p | ||
| 500 | _aincludes index and biblioraphy | ||
| 505 | 2 | _aIndex | |
| 650 | _aFamily-Islam | ||
| 700 | 1 | _aAhmad, Khurshid | |
| 902 | _bSRS | ||
| 942 | _cBK | ||
| 999 |
_c6065 _d6065 |
||